| 000 | 01522cam a2200229 4500 | ||
|---|---|---|---|
| 001 | WB3720-13 | ||
| 008 | 000000n2001 000 0 eng u | ||
| 035 | _a(Sirsi) u112725 | ||
| 245 | _aImproving adjudication | ||
| 260 | _c2001 | ||
| 490 |
_aConstruction Monitor _vMay 2001, 1(1) |
||
| 520 | _aThe DETR has issued a consultation paper, "Improving adjudication in the construction industry", following the announcement of proposals to make adjudication fairer, more effective and easier to understand. The proposals include better guidance and training for adjudicators, better guidance to lay parties, amending the scheme to remove difficulties that cannot be dealt with by improved guidance and amending the act to outlaw clauses in contracts that require the party referring a dispute to adjudication to bear both parties' legal costs. Copies of the consultation paper are available at http://www.construction.detr.gov.uk/bregs/contract.htm and http://www.ciboard.org.uk. | ||
| 590 | _aWB | ||
| 650 | _aMANAGEMENT-DISPUTE AVOIDANCE, MANAGEMENT AND RESOLUTION-DISPUTE MANAGEMENT AND RESOLUTION-ALTERNATIVE DISPUTE RESOLUTION-ADJUDICATION | ||
| 650 | _aBUILT ENVIRONMENT-BUILDING CONTRACT FORMS | ||
| 650 | _aBUILT ENVIRONMENT-BUILDING CONTRACT FORMS | ||
| 650 | _aHOUSING GRANTS CONSTRUCTION AND REGENERATION ACT 1996 | ||
| 650 | _aSCHEME FOR CONSTRUCTION CONTRACTS | ||
| 650 | _aSCHEME FOR CONSTRUCTION CONTRACTS (ENGLAND AND WALES) REGULATIONS 1998 | ||
| 690 |
_aDispute resolution _96236 |
||
| 942 | _n0 | ||
| 999 |
_c67115 _d67115 |
||